| 000 | 00892nam a2200241Ia 4500 | ||
|---|---|---|---|
| 003 | OSt | ||
| 005 | 20221005111821.0 | ||
| 006 | a|||||r|||| 00| 0 | ||
| 007 | ta | ||
| 008 | 221004b |||||||| |||| 00| 0 hin d | ||
| 024 | _a101043 | ||
| 037 | _cTextual | ||
| 040 |
_aCRL _cCRL _bhin |
||
| 041 |
_2hin _ahin |
||
| 082 | _aQ2:4, 152K5.3-.4 | ||
| 100 | _aकाणे, वामन | ||
| 245 | 0 | _aधर्म शास्त्र का इतिहास | |
| 246 | _aDharma shāstra kā itihāsa | ||
| 260 |
_aलखनऊ _bउत्तर प्रदेश हिन्दी संस्थान भारत _c1965 |
||
| 490 |
_vचतुर्थ भाग _aहिन्दी समिति ग्रन्थमाला - संख्या; 132 |
||
| 942 |
_hQ2:4, 152K5.3-.4 _cTEXL _2cc |
||
| 999 |
_c1023004 _d1023004 |
||